000 00365nam a22001577a 4500
003 OSt
005 20211014120457.0
008 211014b |||||||| |||| 00| 0 eng d
020 _a058201637
040 _cHU
100 _aBJ KNAPP,PHD,
_913660
245 _aCHALLENGE OF THE HUMAN ENVIRONMENT
260 _bLONDON
_c1989
300 _a272
942 _2ddc
_cBOOKS
_n0
999 _c12761
_d12761